Geometry Dash - Most Downloaded Insane Demons - Statistics

General Stats
  • This quiz has been taken 76 times
    10 since last reset
  • The average score is 14 of 20
Answer Stats
Publisher Update Answer Downloads % Correct
JonathanGD 2.1 Future Funk II 9,800,000
100%
DavJT 2.1 CraZy II 10,400,000
88%
DavJT 2.1 CraZy III 22,300,000
88%
ZenthicAlpha 1.9 Supersonic 44,800,000
88%
WOOGI1411 1.9 Windy Landscape 16,100,000
88%
Zobros 1.9 8o 19,500,000
75%
JonathanGD 2.1 Dark Travel 6,200,000
75%
KrmaL 2.0 hi 11,200,000
75%
thearmyants 2.2 How to platformer 5,800,000
75%
roadbose 1.6 ICE Carbon Diablo X 7,300,000
75%
OddMod 2.1 MikuMikuMikuMiku 11,500,000
75%
Andromeda GMD 1.9 Poltergeist 11,000,000
75%
Zobros 1.9 Acropolis 11,300,000
63%
JonathanGD 2.1 BuTiTi II 7,100,000
63%
Nacho21 2.0 Duelo Maestro 15,800,000
63%
ZenthicAlpha 1.9 UltraSonic 8,200,000
63%
Havok 2.0 SlaughterHouse 7,900,000
50%
Zobros 1.9 Ultimate Demon Mix 8,900,000
50%
Noriega 2.0 Deadlocked v3 10,600,000
38%
KrmaL 2.0 Invisible Deadlocked 7,500,000
38%
No matching quizzes found
Score Distribution
Percent of People with Each Score
Percentile by Number Answered
Your Score History
You have not taken this quiz since the last reset